{"text_format":"3","workbook":"xlsx","n_sheets":1,"sheets":["t596"],"read":"whole","date_system":"1900"}

{"sheet":"t596","index":0,"n_rows":175,"n_cols":7,"rows_kept":175,"merged":[[0,0,0,6],[30,0,30,5],[46,0,46,5],[153,0,153,5]]}
["TABELA 596.1 - Estatísticas Agrícolas, Município de Tarumã, Estado de São Paulo, 2007/08."]
["ITEM","UNIDADE","N.DE UPAs","MÍNIMO","MÉDIO","MÁXIMO","TOTAL"]
["Distância à sede do município","km",389,0.5,{"v":8.39,"d":"8.4"},{"v":21,"d":"21.0"},"-"]
["Área total","hectare",389,1.4,{"v":79.22,"d":"79.2"},{"v":5985,"d":"5,985.0"},{"v":30815.6,"d":"30,815.6"}]
["Área com cultura perene","hectare",2,1.7,{"v":12.95,"d":"13.0"},24.2,25.9]
["Área com cultura temporária","hectare",381,0.2,{"v":72.69,"d":"72.7"},{"v":5748,"d":"5,748.0"},{"v":27693,"d":"27,693.0"}]
["Área com pastagem","hectare",76,0.5,{"v":14.68,"d":"14.7"},445.2,{"v":1115.8,"d":"1,115.8"}]
["Área com reflorestamento","hectare",19,0.3,{"v":5.04,"d":"5.0"},34.5,95.7]
["Área com vegetação natural","hectare",147,0.2,{"v":4.48,"d":"4.5"},96.8,{"v":659,"d":"659.0"}]
["Área com vegetação de brejo e várzea","hectare",205,0.3,{"v":2.64,"d":"2.6"},{"v":70,"d":"70.0"},541.5]
["Área em descanso","hectare",17,0.2,{"v":4.92,"d":"4.9"},{"v":30,"d":"30.0"},83.7]
["Área complementar","hectare",234,0.1,{"v":2.57,"d":"2.6"},{"v":90,"d":"90.0"},{"v":601,"d":"601.0"}]
["Área das UPAs com (0, 1] ha","hectare","-","-","-","-","-"]
["Área das UPAs com (1, 2] ha","hectare",5,1.4,{"v":1.84,"d":"1.8"},{"v":2,"d":"2.0"},9.2]
["Área das UPAs com (2, 5] ha","hectare",25,2.4,{"v":3.85,"d":"3.9"},{"v":5,"d":"5.0"},96.3]
["Área das UPAs com (5, 10] ha","hectare",37,5.1,{"v":7.07,"d":"7.1"},{"v":10,"d":"10.0"},261.6]
["Área das UPAs com (10, 20] ha","hectare",69,10.2,{"v":14.44,"d":"14.4"},19.9,996.1]
["Área das UPAs com (20, 50] ha","hectare",132,20.1,{"v":30.69,"d":"30.7"},48.4,{"v":4051.6,"d":"4,051.6"}]
["Área das UPAs com (50, 100] ha","hectare",64,50.8,{"v":68.57,"d":"68.6"},96.8,{"v":4388.5,"d":"4,388.5"}]
["Área das UPAs com (100, 200] ha","hectare",29,{"v":108,"d":"108.0"},{"v":147.92,"d":"147.9"},193.6,{"v":4289.8,"d":"4,289.8"}]
["Área das UPAs com (200, 500] ha","hectare",23,203.5,{"v":311.91,"d":"311.9"},428.3,{"v":7174,"d":"7,174.0"}]
["Área das UPAs com (500, 1.000] ha","hectare",3,{"v":617,"d":"617.0"},{"v":773.07,"d":"773.1"},992.2,{"v":2319.2,"d":"2,319.2"}]
["Área das UPAs com (1.000, 2.000] ha","hectare",1,{"v":1244.3,"d":"1,244.3"},{"v":1244.3,"d":"1,244.3"},{"v":1244.3,"d":"1,244.3"},{"v":1244.3,"d":"1,244.3"}]
["Área das UPAs com (2.000, 5.000] ha","hectare","-","-","-","-","-"]
["Área das UPAs com (5.000, 10.000] ha","hectare",1,{"v":5985,"d":"5,985.0"},{"v":5985,"d":"5,985.0"},{"v":5985,"d":"5,985.0"},{"v":5985,"d":"5,985.0"}]
["Área das UPAs acima de 10.000 ha","hectare","-","-","-","-","-"]
["Familiares do proprietário que trabalham na UPA","unidade",340,{"v":1,"d":"1.0"},{"v":1.74,"d":"1.7"},{"v":15,"d":"15.0"},{"v":591,"d":"591.0"}]
["Trabalhadores permanentes","unidade",78,{"v":1,"d":"1.0"},{"v":15.41,"d":"15.4"},{"v":780,"d":"780.0"},{"v":1202,"d":"1,202.0"}]
["Fonte: Secretaria de Agricultura e Abastecimento, CDRS/IEA, Projeto LUPA."]
[]
["TABELA 596.2 - Explorações Animais, Município de Tarumã, Estado de São Paulo, 2007/08."]
["ITEM","UNIDADE","N.DE UPAs","MÍNIMO","MÉDIO","MÁXIMO","TOTAL"]
["Asininos E Muares","cabeças",1,{"v":1,"d":"1.0"},{"v":1,"d":"1.0"},{"v":1,"d":"1.0"},{"v":1,"d":"1.0"}]
["Avestruzes e Ema (Criadouro)","cabeças",1,{"v":10,"d":"10.0"},{"v":10,"d":"10.0"},{"v":10,"d":"10.0"},{"v":10,"d":"10.0"}]
["Avicultura de Corte","cabeças/ano",4,{"v":10,"d":"10.0"},27.5,{"v":50,"d":"50.0"},{"v":110,"d":"110.0"}]
["Avicultura para Ovos","cabeças",5,{"v":10,"d":"10.0"},{"v":20028,"d":"20,028.0"},{"v":100000,"d":"100,000.0"},{"v":100140,"d":"100,140.0"}]
["Bovinocultura de Corte","cabeças",6,{"v":4,"d":"4.0"},{"v":138.17,"d":"138.2"},{"v":500,"d":"500.0"},{"v":829,"d":"829.0"}]
["Bovinocultura Leiteira","cabeças",13,{"v":2,"d":"2.0"},{"v":11.46,"d":"11.5"},{"v":81,"d":"81.0"},{"v":149,"d":"149.0"}]
["Bovinocultura Mista","cabeças",46,{"v":2,"d":"2.0"},{"v":14.11,"d":"14.1"},{"v":120,"d":"120.0"},{"v":649,"d":"649.0"}]
["Caprinocultura","cabeças",1,{"v":25,"d":"25.0"},{"v":25,"d":"25.0"},{"v":25,"d":"25.0"},{"v":25,"d":"25.0"}]
["Equinocultura","cabeças",19,{"v":1,"d":"1.0"},{"v":2.74,"d":"2.7"},{"v":10,"d":"10.0"},{"v":52,"d":"52.0"}]
["Ovinocultura","cabeças",5,{"v":4,"d":"4.0"},{"v":48,"d":"48.0"},{"v":140,"d":"140.0"},{"v":240,"d":"240.0"}]
["Piscicultura","m² tanques",11,{"v":1200,"d":"1,200.0"},{"v":19700,"d":"19,700.0"},{"v":78000,"d":"78,000.0"},{"v":216700,"d":"216,700.0"}]
["Suinocultura","cabeças",30,{"v":3,"d":"3.0"},{"v":17.37,"d":"17.4"},{"v":80,"d":"80.0"},{"v":521,"d":"521.0"}]
["Fonte: Secretaria de Agricultura e Abastecimento, CDRS/IEA, Projeto LUPA."]
[]
["TABELA 596.3 -  Máquinas, Implementos e Benfeitorias, Município de Tarumã, Estado de São Paulo, 2007/08."]
["ITEM","UNIDADE","N.DE UPAs","MÍNIMO","MÉDIO","MÁXIMO","TOTAL"]
["Arado Comum (Bacia, Aiveca)","Unidade",28,{"v":1,"d":"1.0"},{"v":1.07,"d":"1.1"},{"v":2,"d":"2.0"},{"v":30,"d":"30.0"}]
["Arado Escarificador","Unidade",56,{"v":1,"d":"1.0"},{"v":1.71,"d":"1.7"},{"v":15,"d":"15.0"},{"v":96,"d":"96.0"}]
["Arado Subsolador","Unidade",44,{"v":1,"d":"1.0"},{"v":1.45,"d":"1.5"},{"v":5,"d":"5.0"},{"v":64,"d":"64.0"}]
["Batedeira de Cereais","Unidade",2,{"v":1,"d":"1.0"},{"v":1,"d":"1.0"},{"v":1,"d":"1.0"},{"v":2,"d":"2.0"}]
["Carregadeira de Cana","Unidade",13,{"v":1,"d":"1.0"},{"v":3.38,"d":"3.4"},{"v":20,"d":"20.0"},{"v":44,"d":"44.0"}]
["Colhedeira Acoplada","Unidade",4,{"v":1,"d":"1.0"},{"v":1.25,"d":"1.3"},{"v":2,"d":"2.0"},{"v":5,"d":"5.0"}]
["Colhedeira Automotriz","Unidade",26,{"v":1,"d":"1.0"},{"v":2.04,"d":"2.0"},{"v":20,"d":"20.0"},{"v":53,"d":"53.0"}]
["Computador","Unidade",1,{"v":1,"d":"1.0"},{"v":1,"d":"1.0"},{"v":1,"d":"1.0"},{"v":1,"d":"1.0"}]
["Conj.Irrigação Autopropelido","Unidade",2,{"v":1,"d":"1.0"},{"v":8,"d":"8.0"},{"v":15,"d":"15.0"},{"v":16,"d":"16.0"}]
["Conj.Irrigação Pivot Central","Unidade",1,{"v":1,"d":"1.0"},{"v":1,"d":"1.0"},{"v":1,"d":"1.0"},{"v":1,"d":"1.0"}]
["Conjunto de Fenação","Unidade",2,{"v":1,"d":"1.0"},{"v":1,"d":"1.0"},{"v":1,"d":"1.0"},{"v":2,"d":"2.0"}]
["Desintegrador de Palha (Plantio Direto)","Unidade",2,{"v":1,"d":"1.0"},{"v":1,"d":"1.0"},{"v":1,"d":"1.0"},{"v":2,"d":"2.0"}]
["Desintegrador, Picador, Triturador","Unidade",40,{"v":1,"d":"1.0"},{"v":1.08,"d":"1.1"},{"v":2,"d":"2.0"},{"v":43,"d":"43.0"}]
["Distribuidor de Calcário","Unidade",12,{"v":1,"d":"1.0"},{"v":1.08,"d":"1.1"},{"v":2,"d":"2.0"},{"v":13,"d":"13.0"}]
["Ensiladeira","Unidade",5,{"v":1,"d":"1.0"},1.2,{"v":2,"d":"2.0"},{"v":6,"d":"6.0"}]
["Grade Aradora (Tipo Romi)","Unidade",28,{"v":1,"d":"1.0"},{"v":1.25,"d":"1.3"},{"v":3,"d":"3.0"},{"v":35,"d":"35.0"}]
["Grade Niveladora","Unidade",35,{"v":1,"d":"1.0"},{"v":1.46,"d":"1.5"},{"v":4,"d":"4.0"},{"v":51,"d":"51.0"}]
["Implementos para Tração Animal","Unidade",1,{"v":1,"d":"1.0"},{"v":1,"d":"1.0"},{"v":1,"d":"1.0"},{"v":1,"d":"1.0"}]
["Microtrator","Unidade",4,{"v":1,"d":"1.0"},{"v":1,"d":"1.0"},{"v":1,"d":"1.0"},{"v":4,"d":"4.0"}]
["Misturador de Ração","Unidade",8,{"v":1,"d":"1.0"},{"v":1,"d":"1.0"},{"v":1,"d":"1.0"},{"v":8,"d":"8.0"}]
["Ordenhadeira Mecânica","Unidade",1,{"v":10,"d":"10.0"},{"v":10,"d":"10.0"},{"v":10,"d":"10.0"},{"v":10,"d":"10.0"}]
["Pulverizador Tratorizado","Unidade",79,{"v":1,"d":"1.0"},{"v":1.75,"d":"1.8"},{"v":25,"d":"25.0"},{"v":138,"d":"138.0"}]
["Resfriador de Leite, Tanque Expansão","Unidade",1,{"v":1,"d":"1.0"},{"v":1,"d":"1.0"},{"v":1,"d":"1.0"},{"v":1,"d":"1.0"}]
["Roçadeira Tratorizada","Unidade",2,{"v":1,"d":"1.0"},{"v":1,"d":"1.0"},{"v":1,"d":"1.0"},{"v":2,"d":"2.0"}]
["Semeadeira/Adubadeira para Plantio Convencional","Unidade",21,{"v":1,"d":"1.0"},{"v":1.62,"d":"1.6"},{"v":4,"d":"4.0"},{"v":34,"d":"34.0"}]
["Semeadeira/Plantadeira Plantio Direto","Unidade",41,{"v":1,"d":"1.0"},{"v":2.24,"d":"2.2"},{"v":8,"d":"8.0"},{"v":92,"d":"92.0"}]
["Terraceador","Unidade",13,{"v":1,"d":"1.0"},{"v":1.23,"d":"1.2"},{"v":4,"d":"4.0"},{"v":16,"d":"16.0"}]
["Trator de Esteiras","Unidade",3,{"v":1,"d":"1.0"},{"v":1,"d":"1.0"},{"v":1,"d":"1.0"},{"v":3,"d":"3.0"}]
["Trator de Pneus","Unidade",97,{"v":1,"d":"1.0"},{"v":3.69,"d":"3.7"},{"v":120,"d":"120.0"},{"v":358,"d":"358.0"}]
["Açude/Represa","Unidade",27,{"v":1,"d":"1.0"},{"v":2.85,"d":"2.9"},{"v":25,"d":"25.0"},{"v":77,"d":"77.0"}]
["Alambique","Unidade",2,{"v":1,"d":"1.0"},{"v":1,"d":"1.0"},{"v":1,"d":"1.0"},{"v":2,"d":"2.0"}]
["Almoxarifado/Oficina","Unidade",20,{"v":1,"d":"1.0"},1.2,{"v":3,"d":"3.0"},{"v":24,"d":"24.0"}]
["Armazém para Grãos Ensacados","Sacas",11,{"v":1,"d":"1.0"},{"v":12718.82,"d":"12,718.8"},{"v":100000,"d":"100,000.0"},{"v":139907,"d":"139,907.0"}]
["Balança para Veículos","Unidade",3,{"v":1,"d":"1.0"},{"v":1,"d":"1.0"},{"v":1,"d":"1.0"},{"v":3,"d":"3.0"}]
["Barracão para Cultivo de Cogumelo","Unidade",1,{"v":1,"d":"1.0"},{"v":1,"d":"1.0"},{"v":1,"d":"1.0"},{"v":1,"d":"1.0"}]
["Barracão para Granja/Avicultura","Unidade",1,{"v":33,"d":"33.0"},{"v":33,"d":"33.0"},{"v":33,"d":"33.0"},{"v":33,"d":"33.0"}]
["Barracão/Galpão/Garagem","Unidade",119,{"v":1,"d":"1.0"},{"v":1.24,"d":"1.2"},{"v":6,"d":"6.0"},{"v":148,"d":"148.0"}]
["Casa de Moradia Habitada","Unidade",137,{"v":1,"d":"1.0"},{"v":2.66,"d":"2.7"},{"v":72,"d":"72.0"},{"v":364,"d":"364.0"}]
["Casa de Moradia Total","Unidade",154,{"v":1,"d":"1.0"},{"v":3.13,"d":"3.1"},{"v":109,"d":"109.0"},{"v":482,"d":"482.0"}]
["Curral/Mangueira","Unidade",49,{"v":1,"d":"1.0"},{"v":1.02,"d":"1.0"},{"v":2,"d":"2.0"},{"v":50,"d":"50.0"}]
["Depósito/Tulha","Unidade",72,{"v":1,"d":"1.0"},{"v":1.17,"d":"1.2"},{"v":3,"d":"3.0"},{"v":84,"d":"84.0"}]
["Engenho","Unidade",1,{"v":1,"d":"1.0"},{"v":1,"d":"1.0"},{"v":1,"d":"1.0"},{"v":1,"d":"1.0"}]
["Estábulo","Unidade",4,{"v":1,"d":"1.0"},{"v":1.75,"d":"1.8"},{"v":4,"d":"4.0"},{"v":7,"d":"7.0"}]
["Fábrica de Ração","Unidade",2,{"v":1,"d":"1.0"},{"v":1,"d":"1.0"},{"v":1,"d":"1.0"},{"v":2,"d":"2.0"}]
["Máquina de Benefício","Unidade",4,{"v":1,"d":"1.0"},{"v":1.25,"d":"1.3"},{"v":2,"d":"2.0"},{"v":5,"d":"5.0"}]
["Packing House","Unidade",1,{"v":1,"d":"1.0"},{"v":1,"d":"1.0"},{"v":1,"d":"1.0"},{"v":1,"d":"1.0"}]
["Pocilga","Unidade",33,{"v":1,"d":"1.0"},{"v":1.39,"d":"1.4"},{"v":10,"d":"10.0"},{"v":46,"d":"46.0"}]
["Poço Semi-Artesiano","Unidade",36,{"v":1,"d":"1.0"},{"v":1.06,"d":"1.1"},{"v":2,"d":"2.0"},{"v":38,"d":"38.0"}]
["Posto Meteorológico","Unidade",1,{"v":5,"d":"5.0"},{"v":5,"d":"5.0"},{"v":5,"d":"5.0"},{"v":5,"d":"5.0"}]
["Secador de Grãos","Unidade",9,{"v":1,"d":"1.0"},{"v":1.11,"d":"1.1"},{"v":2,"d":"2.0"},{"v":10,"d":"10.0"}]
["Silo para Grãos","t",9,{"v":1,"d":"1.0"},{"v":2539.33,"d":"2,539.3"},{"v":20000,"d":"20,000.0"},{"v":22854,"d":"22,854.0"}]
["Silo para Silagem","t",11,{"v":3,"d":"3.0"},{"v":152.64,"d":"152.6"},{"v":600,"d":"600.0"},{"v":1679,"d":"1,679.0"}]
["Terreiro","m²",8,{"v":100,"d":"100.0"},{"v":228.13,"d":"228.1"},{"v":400,"d":"400.0"},{"v":1825,"d":"1,825.0"}]
["Usina de Açúcar/destilaria","Unidade",2,{"v":1,"d":"1.0"},{"v":1,"d":"1.0"},{"v":1,"d":"1.0"},{"v":2,"d":"2.0"}]
["Fonte: Secretaria de Agricultura e Abastecimento, CDRS/IEA, Projeto LUPA."]
[]
["TABELA 596.4 - Outras Estatísticas Agrícolas, Município de Tarumã, Estado de São Paulo, 2007/08."]
["ITEM","Número de UPAs",null,"Percentual"]
["Faz Parte de Associação de Produtores",267,null,{"v":68.63753213367609,"d":"68.6"}]
["Faz Parte de Cooperativa de Produtores",280,null,{"v":71.97943444730076,"d":"72.0"}]
["Faz Parte do Sindicato de Produtores",170,null,{"v":43.70179948586118,"d":"43.7"}]
["Não utiliza assistência técnica ",16,null,{"v":4.113110539845758,"d":"4.1"}]
["Utiliza somente assistência técnica governamental ",30,null,{"v":7.712082262210797,"d":"7.7"}]
["Utiliza somente assistência técnica privada ",143,null,{"v":36.760925449871465,"d":"36.8"}]
["Utiliza assistência técnica tanto governamental quanto privada",200,null,{"v":51.41388174807197,"d":"51.4"}]
["Utiliza Crédito Rural",245,null,{"v":62.98200514138818,"d":"63.0"}]
["Utiliza Seguro Rural",69,null,{"v":17.737789203084834,"d":"17.7"}]
["Utiliza Escrituração Agrícola",299,null,{"v":76.8637532133676,"d":"76.9"}]
["Acessa Internet p/ Fins na Agropecuária",30,null,{"v":7.712082262210797,"d":"7.7"}]
["Utiliza Computador nas Atividades Agropecuárias",41,null,{"v":10.539845758354756,"d":"10.5"}]
["Utiliza Energia Elétrica Para Uso na Atividade Agrícola",215,null,{"v":55.26992287917738,"d":"55.3"}]
["Realiza Análise de Solo, quando necessário",369,null,{"v":94.8586118251928,"d":"94.9"}]
["Utiliza Práticas de Conservação de Solo, quando necessário",387,null,{"v":99.48586118251929,"d":"99.5"}]
["Faz Adubação Mineral, quando necessário",384,null,{"v":98.7146529562982,"d":"98.7"}]
["Faz Adubação Orgânica, quando necessário",290,null,{"v":74.55012853470437,"d":"74.6"}]
["Faz Adubação Verde, quando necessário",23,null,{"v":5.912596401028278,"d":"5.9"}]
["Utiliza Manejo Integrado de Pragas (MIP)","-",null,"-"]
["Utiliza Hidroponia","-",null,"-"]
["Utiliza Plasticultura",1,null,{"v":0.2570694087403599,"d":"0.3"}]
["Utiliza Mudas Fiscalizadas",296,null,{"v":76.09254498714652,"d":"76.1"}]
["Utiliza Semente Melhorada",102,null,{"v":26.22107969151671,"d":"26.2"}]
["Faz Confinamento de Bovinos","-",null,"-"]
["Utiliza Pastejo Intensivo",54,null,{"v":13.881748071979436,"d":"13.9"}]
["Faz Inseminação Artificial","-",null,"-"]
["Faz Mineralização do Rebanho",62,null,{"v":15.938303341902314,"d":"15.9"}]
["Faz Vermifugação do Rebanho",62,null,{"v":15.938303341902314,"d":"15.9"}]
["Possui Parceiros /Arrendatários na Exploração Animal",16,null,{"v":4.113110539845758,"d":"4.1"}]
["Esporte e lazer","-",null,"-"]
["Extração mineral","-",null,"-"]
["Hotel Fazenda, Pousada ou SPA","-",null,"-"]
["Pesque-pague",1,null,{"v":0.2570694087403599,"d":"0.3"}]
["Restaurante ou Lanchonete",1,null,{"v":0.2570694087403599,"d":"0.3"}]
["Transformação artesanal","-",null,"-"]
["Turismo rural ou ecoturismo","-",null,"-"]
["Outras atividades econômicas rurais",3,null,{"v":0.7712082262210797,"d":"0.8"}]
["Agroindústria",1,null,{"v":0.2570694087403599,"d":"0.3"}]
["Proprietário sem instrução ou com instrução incompleta",9,null,{"v":2.3136246786632393,"d":"2.3"}]
["Proprietário com antigo primário completo",187,null,{"v":48.07197943444729,"d":"48.1"}]
["Proprietário com 1° grau (ou antigo ginasial) completo",62,null,{"v":15.938303341902314,"d":"15.9"}]
["Proprietário com 2° grau (ou antigo colegial) completo",38,null,{"v":9.768637532133676,"d":"9.8"}]
["Proprietário com curso superior completo ",75,null,{"v":19.28020565552699,"d":"19.3"}]
["Pessoa Jurídica",18,null,{"v":4.627249357326479,"d":"4.6"}]
["Proprietário residente na própria UPA ",56,null,{"v":14.395886889460153,"d":"14.4"}]
["Fonte: Secretaria de Agricultura e Abastecimento, CDRS/IEA, Projeto LUPA."]
[]
["TABELA 596.5 - Área Cultivada, Município de Tarumã, Estado de São Paulo, 2007/08."]
["CULTURA","N.DE UPAs","MÍNIMO","MÉDIO","MÁXIMO","TOTAL"]
["Cana-de-acucar",303,1.1,{"v":83.05,"d":"83.1"},{"v":5748,"d":"5,748.0"},{"v":25165.1,"d":"25,165.1"}]
["Milho Safrinha",88,0.2,{"v":25.75,"d":"25.8"},278.3,{"v":2266.4,"d":"2,266.4"}]
["Soja",74,0.5,{"v":28.64,"d":"28.6"},278.3,{"v":2119,"d":"2,119.0"}]
["Milho",23,0.2,{"v":28.96,"d":"29.0"},{"v":237,"d":"237.0"},666.1]
["Coloniao",3,96.8,{"v":219.53,"d":"219.5"},445.2,658.6]
["Braquiaria",33,0.5,{"v":10.24,"d":"10.2"},113.3,{"v":338,"d":"338.0"}]
["Outras gramineas para pastagem",18,0.6,{"v":4.03,"d":"4.0"},24.5,72.6]
["Eucalipto",17,0.3,{"v":3.47,"d":"3.5"},{"v":10,"d":"10.0"},{"v":59,"d":"59.0"}]
["Arroz",5,2.4,11.1,16.9,55.5]
["Gramas",22,0.5,{"v":2.12,"d":"2.1"},{"v":4,"d":"4.0"},46.6]
["Outras florestais",2,2.2,{"v":18.35,"d":"18.4"},34.5,36.7]
["Amora (ou amora-preta)",1,24.2,24.2,24.2,24.2]
["Mandioca",2,{"v":2,"d":"2.0"},{"v":2,"d":"2.0"},{"v":2,"d":"2.0"},{"v":4,"d":"4.0"}]
["Milho-silagem",1,{"v":2,"d":"2.0"},{"v":2,"d":"2.0"},{"v":2,"d":"2.0"},{"v":2,"d":"2.0"}]
["Pomar domestico",1,1.7,1.7,1.7,1.7]
["Quiabo",2,0.4,0.7,{"v":1,"d":"1.0"},1.4]
["Brocolos (ou brocolis)",1,0.5,0.5,0.5,0.5]
["Couve-flor",1,0.3,0.3,0.3,0.3]
["Abobora (ou jerimum)",1,0.3,0.3,0.3,0.3]
["Fonte: Secretaria de Agricultura e Abastecimento, CDRS/IEA, Projeto LUPA."]